000
00472nam a2200181Ia 4500
008
090124s9999 xx 000 0 und d
082
_b
31489
_a
2905
100
_a
जोशी शरद
245
_a
बाप रे बाप !
250
_a
1
260
_c
2002
300
_a
64
600
_a
जोशी शरद
630
_a
बाप रे बाप !
700
_a
जोशी शरद
730
_a
बाप रे बाप !
942
_c
BOOK
999
_c
144968
_d
144968